Modern American Presidents Quiz - Statistics

General Stats
  • This quiz has been taken 129 times
  • The average score is 34 of 44
Answer Stats
Prime Minister Category Answer % Correct
Harry S Truman Name Harry S Truman
92%
Harry S Truman Party Democratic
86%
Donald Trump (#2) Name Donald Trump
86%
George H W Bush Name George H W Bush
86%
Joe Biden Name Joe Biden
86%
Barack Obama Name Barack Obama
84%
Donald Trump (#1) Name Donald Trump
84%
Dwight D Eisenhower Name Dwight D Eisenhower
84%
George W Bush Name George W Bush
84%
George H W Bush Party Republican
84%
Bill Clinton Name Bill Clinton
82%
John F Kennedy Name John F Kennedy
82%
Bill Clinton Party Democratic
80%
Joe Biden Party Democratic
80%
Dwight D Eisenhower Party Republican
80%
Donald Trump (#1) Party Republican
80%
Donald Trump (#2) Party Republican
80%
Ronald Reagan Name Ronald Reagan
80%
John F Kennedy Party Democratic
78%
Barack Obama Party Democratic
78%
Lyndon B Johnson Name Lyndon B Johnson
78%
Ronald Reagan Party Republican
78%
George W Bush Party Republican
78%
Richard Nixon Name Richard Nixon
78%
Harry S Truman Date 1953
76%
Lyndon B Johnson Party Democratic
76%
Jimmy Carter Name Jimmy Carter
76%
Richard Nixon Party Republican
75%
Dwight D Eisenhower Date 1961
73%
John F Kennedy Date 1963
73%
Lyndon B Johnson Date 1969
73%
Donald Trump (#1) Date 2021
73%
Gerald Ford Name Gerald Ford
73%
Ronald Reagan Date 1989
71%
George H W Bush Date 1993
71%
Joe Biden Date 2025
71%
Jimmy Carter Party Democratic
71%
Richard Nixon Date 1974
69%
Bill Clinton Date 2001
69%
George W Bush Date 2009
69%
Barack Obama Date 2017
69%
Gerald Ford Party Republican
69%
Gerald Ford Date 1977
67%
Jimmy Carter Date 1981
67%
No matching quizzes found
Score Distribution
Percent of People with Each Score
Percentile by Number Answered
Your Score History
You have not taken this quiz